| 000 | 00614nam a2200241Ia 4500 | ||
|---|---|---|---|
| 003 | OSt | ||
| 005 | 20221007104529.0 | ||
| 006 | a|||||r|||| 00| 0 | ||
| 007 | ta | ||
| 008 | 221006b |||||||| |||| 00| 0 eng d | ||
| 024 | _a16,098 | ||
| 037 | _cTextual | ||
| 040 |
_aLCO _cLCO _beng |
||
| 041 |
_2eng _aeng |
||
| 082 | _aZ2,711, M7 | ||
| 100 | _aNarayana P.S | ||
| 245 | 0 | _aLaw of Res Judicata | |
| 260 |
_aHyderabad _bAsia Law House India _c1987 |
||
| 300 | _a412 | ||
| 650 |
_aLAW OF RES JUDICATA _9706117 |
||
| 942 |
_hZ2,711, M7 _cTEXL |
||
| 999 |
_c1185661 _d1185661 |
||